LEADER 00843cam2 22002651 450 001 SOBE00049242 005 20151109144636.0 010 $a8835078180 100 $a20151012d1989 |||||ita|0103 ba 101 $aita 102 $aIT 105 $a F 200 0 $a1: Abaco-Buzzati 210 $aBrescia$cLa scuola$d1989 215 $aXVIII p., 2078 colonne$cill.$d28 cm 461 1$1001E600200025782$12001 $aEnciclopedia pedagogica / diretta da Mauro Laeng$v1 801 0$aIT$bUNISOB$c20151109$gRICA 850 $aUNISOB 852 $aUNISOB$j370|Enc$m67884 912 $aSOBE00049242 940 $aM 102 Monografia moderna SBN 941 $aW 957 $xCons$a370|Enc$b000001$i-1$gCON$d67884$racquisto$tO$1menle$2UNISOB$3UNISOB$420151012130957.0$520151109144636.0$6bethb 996 $a1: Abaco-Buzzati$91724965 997 $aUNISOB LEADER 02833nam0 22004091i 450 001 UON00325488 005 20250910105637.203 100 $a20090703d1975 |0itac50 ba 101 $aita 102 $aIT 105 $a|||| ||||| 200 1 $aˆIl ‰capitale$ecritica dell'economia politica$fKarl Marx$eVol I. Tomo II: appendici: per la critica dell'economia politica, capitolo VI inedito: risultati del processo di produzione immediato, frammento dei materiali preparatori del 1863 e altri scritti$ftraduzione di Emma Cantimori Mezzomonti, Bruno Maffi, Giorgio Backaus$gVol. II: il processo di circolazione capitalistica$ftraduzione di Raniero Panzieri$gVol. 3: Il processo complessivo della produzione capitalistica$ftraduzione di Maria Luisa Boggeri, 2 t 210 $aTorino$cGiulio Einaudi editore$d1975 215 $avv.$d19 cm 410 1$1001UON00171664$12001 $aEinaudi Tascabili $1210 $aTorino$cEinaudi$v10 606 $aEconomia politica$xStudi$3UONC037206$2FI 620 $aIT$dTorino$3UONL000014 700 1$aMarx$bKarl$3UONV008384$032587 702 1$aBackaus$bGiorgio$3UONV122275 702 1$aBoggeri$bM.L.$3UONV126403 702 1$aCantimori Mezzomonti$bEmma$3UONV181993 702 1$aMaffi$bBruno$3UONV010219 702 1$aPanzieri$bRaniero$3UONV104710 712 $aEinaudi$3UONV246211$4650 790 0$aMAKESI$zMarx, Karl$3UONV008385 801 $aIT$bSOL$c20250912$gRICA 912 $aUON00325488 950 $aSIBA - SISTEMA BIBLIOTECARIO DI ATENEO$dSI EUR D B 0270/ I,1 $eSI SS 3104/1 5 0270/ I,1 $sBuono 950 $aSIBA - SISTEMA BIBLIOTECARIO DI ATENEO$dSI EUR D B 0270/ I,2 $eSI SS 3104/2 5 0270/ I,2 $sBuono 950 $aSIBA - SISTEMA BIBLIOTECARIO DI ATENEO$dSI EUR D B 0270/ II $eSI SS 3104/3 5 0270/ II $sBuono 950 $aSIBA - SISTEMA BIBLIOTECARIO DI ATENEO$dSI EUR D B 0270/ III,1 $eSI SS 3104/4 5 0270/ III,1 $sBuono 950 $aSIBA - SISTEMA BIBLIOTECARIO DI ATENEO$dSI EUR D B 0270/ III,2 $eSI SS 3104/5 5 0270/ III,2 $sBuono 950 $aSIBA - SISTEMA BIBLIOTECARIO DI ATENEO$dSI EUR D B 0270/ I,2 bis $eSI SS 3104/6 5 0270/ I,2 bis $sBuono 950 $aSIBA - SISTEMA BIBLIOTECARIO DI ATENEO$dSI EUR D B 0270/ III,1 bis $eSI SS 3104/7 5 0270/ III,1 bis $sBuono 950 $aSIBA - SISTEMA BIBLIOTECARIO DI ATENEO$dSI EUR D B 0270/ III,2 bis $eSI SS 3104/8 5 0270/ III,2 bis $sBuono 996 $aCapitale$984743 997 $aUNIOR